Crónicas de los hurones 2: en el rancho

Gardado en:
Detalles Bibliográficos
Autor Principal: Bach, Richard O (Author)
Formato: Libro
Idioma:Lingua castelá
Publicado: Buenos Aires Planeta 2003
Edición:1a. ed
Subjects:
Tags: Engadir etiqueta
Sen Etiquetas, Sexa o primeiro en etiquetar este rexistro!

MARC

LEADER 00000nam a2200000 a 4500
001 UCJ0717
003 CL-VaPUC
008 060901e20030000AG |||||||||||||||||spa|d
020 |a 9504911374 
082 0 4 |a 813  |b BAC  |2 21 
100 0 |a Bach, Richard O  |e author  |9 501023 
245 1 0 |a Crónicas de los hurones 2: en el rancho 
250 |a 1a. ed 
300 |a 155 p 
942 |c BK 
945 |d 20060901 00:00:00  |a cmena 
260 |a Buenos Aires  |b Planeta  |c 2003 
650 7 |a FABULAS ESTADOUNIDENSES  |2 CL-VaPUC  |9 501013 
650 0 |a Literatura estadounidense  |9 317168 
583 |a last modification  |c 20060901 00:00:00  |k Rodrigo Vera 
999 |c 317479  |d 317477 
952 |0 0  |1 0  |4 0  |6 813_000000000000000_BAC_2003  |7 0  |8 A  |9 393881  |a BIBEDU  |b BIBEDU  |d 2019-11-22  |i 4264681  |o 813 BAC 2003  |p 4264681  |r 2019-11-22  |w 2019-11-22  |y BK  |k EBA